All Brazilian UFC Champions - Statistics

General Stats
  • This quiz has been taken 652 times
    111 since last reset
  • The average score is 14 of 22
Answer Stats
Years of Title Reign Weight Class Champion % Correct
2006-2013 Middleweight Anderson Silva
92%
2021-2022 Lightweight Charles Oliveira
88%
2023-2025, 2025-Present Light Heavyweight Alex Pereira
86%
2022-2023 Middleweight Alex Pereira
86%
2023-Present Men's Flyweight Alexandre Pantoja
83%
2018-2023 Women's Featherweight Amanda Nunes
83%
2016-2021, 2022-2023 Women's Bantamweight Amanda Nunes
83%
2010-2015, 2016 Men's Featherweight José Aldo
83%
2021-2022 Light Heavyweight Glover Teixeira
65%
2015-2016 Lightweight Rafael dos Anjos
65%
2020-2021, 2022-2023 Men's Flyweight Deiveson Figueiredo
63%
2011-2012 Heavyweight Junior dos Santos
58%
2014-2016 Heavyweight Fabrício Werdum
52%
2009-2010 Light Heavyweight Lyoto Machida
52%
2025-Present Strawweights Mackenzie Dern
52%
2012-2014 Men's Bantamweight Renan Barão
52%
2010-2011 Light Heavyweight Maurício "Shogun" Rua
49%
2003-2003 Light Heavyweight Vitor Belfort
41%
2017-2018 Women's Featherweight Cris Cyborg
37%
2019-2019 Strawweight Jéssica Andrade
33%
2008-2008 Heavyweight Antônio Rodrigo Nogueira
29%
2002-2002 Middleweight Murilo Bustamante
23%
No matching quizzes found
Score Distribution
Percent of People with Each Score
Percentile by Number Answered
Your Score History
You have not taken this quiz since the last reset